[Event "Pan American-ch U20"]
[Site "Cochabamba"]
[Date "2019.08.06"]
[Round "9"]
[White "Medrano, Sebastian"]
[Black "Santiago Vilca, Lito Gustavo"]
[Result "1-0"]
[WhiteElo "2086"]
[BlackElo "1818"]
[PlyCount "81"]
[EventDate "2019.08.01"]
[EventType "swiss"]
[EventRounds "9"]
[EventCountry "BOL"]
[SourceTitle "EXT 2021"]
[Source "ChessBase"]
[SourceDate "2020.10.23"]
[SourceVersion "1"]
[SourceVersionDate "2020.10.23"]
[SourceQuality "1"]

1. d4 Nf6 2. Bg5 Ne4 3. Bf4 c5 4. f3 Qa5+ 5. c3 Nf6 6. d5 d6 7. Nd2 g6 8. e4 Nbd7 9. Bd3 Bg7 10. Ne2 0-0 11. 0-0 Qc7 12. Kh1 a6 13. a4 b6 14. b4 Bb7 15. Qb3 Rfc8 16. b5 Ne5 17. Bxe5 dxe5 18. a5 axb5 19. axb6 Qxb6 20. Nc4 Qc7 21. Qxb5 Rcb8 22. Qb6 Qc8 23. Rxa8 Bxa8 24. Qa5 Ne8 25. Rb1 Rxb1+ 26. Bxb1 Bb7 27. Nc1 Nd6 28. Nb6 Qc7 29. Nd3 c4 30. Qc5 Qb8 31. Nb2 Qa7 32. N6a4 Qa6 33. Ba2 Bh6 34. Bxc4 Nxc4 35. Qxc4 Qd6 36. Nc5 Bc8 37. Qb5 Qc7 38. Qc6 Qd8 39. Nc4 Bf4 40. Nb6 Be6 41. Nxe6 1-0

[Event "Pan American-ch U20"]
[Site "Cochabamba"]
[Date "2019.08.03"]
[Round "5"]
[White "Huanca, Edson"]
[Black "Santiago Vilca, Lito Gustavo"]
[Result "1-0"]
[WhiteElo "1948"]
[BlackElo "1818"]
[PlyCount "63"]
[EventDate "2019.08.01"]
[EventType "swiss"]
[EventRounds "9"]
[EventCountry "BOL"]
[SourceTitle "EXT 2020"]
[Source "ChessBase"]
[SourceDate "2019.10.17"]
[SourceVersion "1"]
[SourceVersionDate "2019.10.17"]
[SourceQuality "1"]

1. e4 c5 2. Nc3 e6 3. Nge2 Nc6 4. g3 a6 5. Bg2 g6 6. 0-0 Bg7 7. d3 Nge7 8. Be3 d6 9. Qd2 0-0 10. Bh6 b5 11. Bxg7 Kxg7 12. f4 Bb7 13. g4 f5 14. h3 b4 15. Nd1 d5 16. exf5 exf5 17. Ne3 Rc8 18. Ng3 Nd4 19. Kh2 Rc7 20. Rf2 Bc8 21. Rg1 Ndc6 22. Qd1 d4 23. Nc4 fxg4 24. hxg4 Nd5 25. Bxd5 Qxd5 26. Ne4 Qd8 27. g5 Rcf7 28. Rgf1 Qd7 29. Qf3 Rxf4 30. Qxf4 Qh3+ 31. Kg1 Rxf4 32. Rxf4 1-0

[Event "Pan American-ch U20"]
[Site "Cochabamba"]
[Date "2019.08.01"]
[Round "1"]
[White "Santiago Vilca, Lito Gustavo"]
[Black "Munoz, Francisco Javier"]
[Result "0-1"]
[WhiteElo "1818"]
[BlackElo "2282"]
[PlyCount "68"]
[EventDate "2019.08.01"]
[EventType "swiss"]
[EventRounds "9"]
[EventCountry "BOL"]
[SourceTitle "EXT 2020"]
[Source "ChessBase"]
[SourceDate "2019.10.17"]
[SourceVersion "1"]
[SourceVersionDate "2019.10.17"]
[SourceQuality "1"]

1. d4 d5 2. c4 e6 3. Nc3 Nf6 4. Bg5 Nbd7 5. Nf3 c6 6. e3 Qa5 7. cxd5 Nxd5 8. Qd2 Bb4 9. Rc1 h6 10. Bh4 Nxc3 11. bxc3 Ba3 12. Rb1 b6 13. Bd3 Ba6 14. 0-0 0-0 15. e4 Rfe8 16. Rfe1 Bxd3 17. Qxd3 Bf8 18. e5 c5 19. d5 c4 20. Qxc4 Rac8 21. Qb5 Qxb5 22. Rxb5 Rxc3 23. d6 Rec8 24. h3 Rc1 25. Rb1 Rxb1 26. Rxb1 f6 27. Bg3 Kf7 28. Rb4 Rc5 29. Ra4 a5 30. Rf4 g5 31. Rxf6+ Nxf6 32. exf6 Kxf6 33. d7 Be7 34. Bb8 Rd5 0-1

[Event "South America-ch U14 12th"]
[Site "Santa Cruz"]
[Date "2015.12.05"]
[Round "5"]
[White "Santiago Vilca, Lito Gustavo"]
[Black "Alarcon Garcia, Alejandro Mikhai"]
[Result "0-1"]
[WhiteElo "1505"]
[BlackElo "1701"]
[PlyCount "70"]
[EventDate "2015.12.02"]
[EventType "swiss"]
[EventRounds "9"]
[EventCountry "BOL"]
[SourceTitle "CBM 170 Extra"]
[Source "ChessBase"]
[SourceDate "2016.02.25"]
[SourceVersion "1"]
[SourceVersionDate "2016.02.25"]
[SourceQuality "1"]

1. d4 Nf6 2. Nf3 d5 3. c4 e6 4. Nc3 c6 5. Bg5 Nbd7 6. e3 Qa5 7. cxd5 exd5 8. Nd2 Bb4 9. Qc2 0-0 10. Bd3 h6 11. Bh4 Re8 12. 0-0 Bxc3 13. bxc3 b5 14. a4 b4 15. cxb4 Qxb4 16. Rfb1 Qd6 17. Bg3 Qe6 18. Bf5 Qe7 19. Qxc6 Nb6 20. Bd3 Bd7 21. Qc2 Rac8 22. Qd1 Bg4 23. Qb3 Nh5 24. a5 Nd7 25. Qxd5 Nxg3 26. hxg3 Nf6 27. Qb7 Rc7 28. Qb4 Rc1+ 29. Kh2 Qxb4 30. Rxb4 Rxa1 31. Nb3 Ra3 32. a6 Nd5 33. Rb5 Nc7 34. Rb7 Nxa6 35. d5 Bc8 0-1

[Event "PER-ch School U14"]
[Site "Lima"]
[Date "2015.11.14"]
[Round "5.6"]
[White "Gutierrez Vargas, Robert"]
[Black "Santiago Vilca, Lito Gustavo"]
[Result "1-0"]
[WhiteElo "1697"]
[BlackElo "1389"]
[PlyCount "79"]
[EventDate "2015.11.10"]
[EventType "swiss"]
[EventRounds "5"]
[EventCountry "PER"]
[SourceTitle "EXT 2024"]
[Source "ChessBase"]
[SourceDate "2023.10.10"]
[SourceVersion "1"]
[SourceVersionDate "2023.10.10"]
[SourceQuality "1"]

1. e4 c5 2. Nc3 e6 3. d3 Nc6 4. h3 d6 5. g4 h6 6. Bg2 Be7 7. Nge2 Bh4 8. 0-0 h5 9. f3 e5 10. Nd5 Nge7 11. c4 Nxd5 12. cxd5 Ne7 13. Be3 g5 14. Qd2 Ng6 15. Rac1 Bd7 16. b4 b6 17. bxc5 bxc5 18. Rb1 a6 19. Rb7 f6 20. Rfb1 hxg4 21. fxg4 Nf4 22. Bxf4 gxf4 23. R1b6 Ke7 24. Nxf4 Bg5 25. Ng6+ Ke8 26. Qf2 Rh6 27. Rxd6 Rxg6 28. Rdxd7 Qxd7 29. Rxd7 Kxd7 30. Qf5+ Kd6 31. Qxg6 Rb8 32. Qf5 Rb1+ 33. Kf2 Bh4+ 34. Kf3 Rb2 35. Qe6+ Kc7 36. Qc6+ Kb8 37. Qxc5 Kb7 38. d6 f5 39. exf5 Rd2 40. Qb4+ 1-0

[Event "PER-ch School U14"]
[Site "Lima"]
[Date "2015.11.13"]
[Round "4.4"]
[White "Santiago Vilca, Lito Gustavo"]
[Black "Rodriguez Mayorca, Daniel"]
[Result "0-1"]
[WhiteElo "1389"]
[BlackElo "1654"]
[PlyCount "94"]
[EventDate "2015.11.10"]
[EventType "swiss"]
[EventRounds "5"]
[EventCountry "PER"]
[SourceTitle "EXT 2024"]
[Source "ChessBase"]
[SourceDate "2023.10.10"]
[SourceVersion "1"]
[SourceVersionDate "2023.10.10"]
[SourceQuality "1"]

1. d4 g6 2. Nf3 Bg7 3. g3 b6 4. Bg2 Bb7 5. 0-0 d6 6. c3 e6 7. Re1 Nd7 8. e4 Ne7 9. Nbd2 0-0 10. Nf1 e5 11. d5 h6 12. c4 f5 13. exf5 Nxf5 14. Ne3 a5 15. Nxf5 gxf5 16. Nh4 Bc8 17. Qh5 Nf6 18. Qg6 Qe8 19. Qxe8 Nxe8 20. f4 e4 21. Bh3 Bd4+ 22. Kh1 Ng7 23. Rb1 b5 24. Be3 Bxe3 25. Rxe3 bxc4 26. Bf1 Ba6 27. Rc3 Rab8 28. Bxc4 Bxc4 29. Rxc4 Rb5 30. Rxc7 Rf6 31. Rd1 Rxb2 32. a4 Rb4 33. Ng2 Rxa4 34. h3 Ra3 35. Kh2 Rg6 36. Rd7 Rgxg3 37. Rxd6 Rxh3+ 38. Kg1 Ra2 39. Rg6 Kh7 40. Rxg7+ Kxg7 41. d6 Rg3 42. d7 Rgxg2+ 43. Kh1 Rh2+ 44. Kg1 Rag2+ 45. Kf1 Rh1+ 46. Kxg2 Rxd1 47. Kf2 Rxd7 0-1

[Event "PER-ch School U14"]
[Site "Lima"]
[Date "2015.11.12"]
[Round "3.2"]
[White "Landa Medrano, Gabriel Aaron"]
[Black "Santiago Vilca, Lito Gustavo"]
[Result "1-0"]
[WhiteElo "1983"]
[BlackElo "1389"]
[PlyCount "69"]
[EventDate "2015.11.10"]
[EventType "swiss"]
[EventRounds "5"]
[EventCountry "PER"]
[SourceTitle "EXT 2024"]
[Source "ChessBase"]
[SourceDate "2023.10.10"]
[SourceVersion "1"]
[SourceVersionDate "2023.10.10"]
[SourceQuality "1"]

1. e4 c5 2. Nf3 e6 3. d4 cxd4 4. Nxd4 a6 5. Be2 Qc7 6. 0-0 Nf6 7. Nc3 Nc6 8. Be3 Bb4 9. Na4 Be7 10. Nxc6 bxc6 11. Nb6 Rb8 12. Nxc8 Qxc8 13. Bd4 c5 14. Be5 Rb6 15. Qd3 d6 16. Bc3 0-0 17. b3 Nd7 18. Rad1 Bf6 19. Bxf6 Nxf6 20. c4 Qb7 21. Bf3 e5 22. Rfe1 h6 23. Qc3 Ra8 24. Qa5 Nd7 25. Rd5 Qc7 26. Red1 Nf6 27. Rxd6 Rb7 28. Qxc7 Rxc7 29. Rd8+ Rxd8 30. Rxd8+ Kh7 31. Rd6 Ra7 32. Rc6 Nd7 33. Bg4 g6 34. Bxd7 Rxd7 35. g3 1-0

[Event "Lima Santisimo Nombre de Jesus 3"]
[Site "Lima"]
[Date "2014.06.22"]
[Round "3"]
[White "Cosme Contreras, Trilce"]
[Black "Santiago Vilca, Lito Gustavo"]
[Result "1-0"]
[WhiteElo "1660"]
[BlackElo "1401"]
[PlyCount "89"]
[EventDate "2014.06.21"]
[EventType "swiss"]
[EventRounds "8"]
[EventCountry "PER"]
[SourceTitle "EXT 2024"]
[Source "ChessBase"]
[SourceDate "2023.10.10"]
[SourceVersion "1"]
[SourceVersionDate "2023.10.10"]
[SourceQuality "1"]

1. c4 Nf6 2. Nf3 g6 3. b4 Bg7 4. Bb2 0-0 5. e3 d6 6. d4 Bg4 7. Be2 Ne4 8. Nbd2 Nxd2 9. Qxd2 c6 10. 0-0 Nd7 11. h3 Bf5 12. g4 Be6 13. Ng5 Nb6 14. Nxe6 fxe6 15. a4 Qe8 16. a5 Nd7 17. f4 Nf6 18. Bf3 d5 19. c5 a6 20. g5 Nh5 21. Kh2 Kh8 22. Rg1 h6 23. h4 hxg5 24. hxg5 Kg8 25. Qe2 Qf7 26. Bxh5 gxh5 27. g6 Qf5 28. Rg5 Qe4 29. Rf1 Rf5 30. Rxf5 exf5 31. Bc1 Rf8 32. Qxh5 Rf6 33. Bd2 Qe6 34. Rg1 Qe4 35. Qe2 Qe6 36. Qg2 Kf8 37. Kh3 Kg8 38. Kh4 Kf8 39. Kh5 Kg8 40. Qf3 Kf8 41. Be1 Qg8 42. Kh4 Qh8+ 43. Qh5 Qxh5+ 44. Kxh5 Kg8 45. Bh4 1-0